000 00397nam a2200169Ia 4500
008 210210b2007 xxu||||| |||| 00| 0 eng d
041 _aeng
082 _a621 BASE
100 _aBASAVARAJU (S P)
245 _aEngineering physics
260 _aBangalore
_bSubhas Stores
_c2007
300 _a509
650 _aphysics
650 _aEngineering
690 _aApplied Physics
906 _a062916
999 _c130597
_d130597